| 000 | 00768nam a2200301Ia 4500 | ||
|---|---|---|---|
| 001 | Z_4981 | ||
| 003 | CHAP | ||
| 008 | 220113s1983 xx 000 0 und d | ||
| 010 | _a168037 | ||
| 040 | _cCHAP | ||
| 082 | _a636.0894 L48y | ||
| 100 |
_aLevine, Norman D. _966464 |
||
| 245 |
_aTratado de parasitología veterinaria / _cpor Norman D. Levine |
||
| 260 |
_aZaragoza : _bAcribia, _c1983 |
||
| 300 | _a276 p. | ||
| 440 | _a | ||
| 500 | _aTrad. De : Textbook of veterinary parasitology | ||
| 503 | _aC/E | ||
| 650 |
_aAnimales _xParásitos _95869 |
||
| 650 |
_aGanado _xParásitos _944939 |
||
| 650 |
_aParasitología veterinaria _985475 |
||
| 901 | _a636.0894 L48y | ||
| 902 | _aA | ||
| 910 | _a1983 | ||
| 942 | _c1 | ||
| 942 | _cc1 | ||
| 999 |
_c168037 _d168037 |
||